000 00623nam a2200229Ia 4500
003 OSt
005 20220918175245.0
006 a|||||r|||| 00| 0
007 ta
008 220917b |||||||| |||| 00| 0 eng d
024 _a16,369
037 _cTextual
040 _aARTS
_cARTS
_beng
041 _2eng
_aeng
082 _aO:1xN3, H91
100 _aDoubleday Neal Frank
_953443
245 0 _aStudies in poetry ; an introduction to the critical reading of poems
260 _c1949
650 _aENGLISH LITERATURE
942 _hO:1xN3, H91
_cTEXL
_2CC
999 _c156753
_d156753